000 01367nam0a22003491 4500
001 rc\4055518
005 20130415145200.8
021 _aRU
_b[49-39045]
035 _a(NLR Aleph) 008108942
090 _a9291685
_c9291685
100 _a20130415d1949 |||y0rusy50 ca
101 1 _arus
_ceng
102 _aRU
105 _aa z |||||
200 1 _aТеория атомных спектров
_fПер. с англ. Э.И. Смородинской
_gПод ред. В.Б. Берестецкого
210 _aМосква
_cИзд-во иностр. лит.
_d1949
_gТип. им. Евг. Соколовой в Л.
215 _a440 с.
_cчерт.
_d27
300 _aНа доп. тит. л.: The theory of atomic spectra. By E.U. Condon a. G.H. Shortley. London. 1935
300 _aПеред загл. авт.: Е. Кондон и Г. Шортли
320 _aБиблиогр. в подстроч. примеч.
513 0 _aThe theory of atomic spectra
606 _aАтомные спектры
_2psbo
606 _aАтомы
_xСтруктура
_2psbo
700 1 _aКондон
_bЕ.
701 1 _aШортли
_bГ.
702 1 _aСмородинская
_bЭ. И.
_4730
702 1 _aБерестецкий
_bВ. Б.
_4340
801 0 _aRU
_bNLR
_gpsbo
801 1 _aRU
_bELAR
_2rusmarc
852 _aNLR
_jФз02 Г-7/50
942 _cBOOK
980 _aNB